[Event "Olympiad Women 2024"]
[Site "Budapest HUN"]
[Date "2024.09.15"]
[Round "5.32"]
[Board "2"]
[White "Kakulidis, Ellen"]
[Black "Zhanybekova, Begimay"]
[Result "1/2-1/2"]
[WhiteElo "2048"]
[BlackElo "1784"]
[PlyCount "78"]
[EventDate "2024.09.11"]
[WhiteTeam "Denmark"]
[BlackTeam "Kyrgyzstan"]
[WhiteTeamCountry "DEN"]
[BlackTeamCountry "KGZ"]

1. d4 Nf6 2. g3 g6 3. Bg2 Bg7 4. e4 d6 5. Nc3 O-O 6. Nge2 e5 7. h3 Nc6 8. Be3 exd4 9. Nxd4 Bd7 10. O-O Re8 11. Re1 a5 ({RR} 11... Qc8 12. Kh2 Re5 13. Nf3 Re8 14. Nd4 Re5 15. Nxc6 bxc6 16. Bd4 Rh5 17. h4 Ng4+ 18. Kg1 Ne5 19. f4 Bg4 20. Qd2 c5 21. Nd5 Nf3+ 22. Bxf3 Bxd4+ 23. Kg2 Bxf3+ 24. Kxf3 Qb7 25. c3 Rxd5 26. exd5 {½-½ Artemiev,V (2716)-Sviridov,V (2558) RUS-ch Higher League 73rd 2020 (1)}) ({RR} 11... Qc8 12. Kh2 Ne5 13. f4 Nc4 14. Bc1 c5 15. Nde2 Bc6 16. b3 Nb6 17. Qxd6 Nxe4 18. Nxe4 Bxa1 19. Nf6+ Bxf6 20. Qxf6 Bxg2 21. Bb2 Kf8 22. Qg7+ Ke7 23. Nd4+ Kd6 24. Qf6+ Re6 25. Nxe6 fxe6 26. Be5+ {0-1 Burmakin,E (2152)-Pein,J (2279) Titled Tue 11th Jun Early 2024 (8)}) 12. a4 Nxd4 $146 ({RR} 12... Nb4 13. g4 h5 14. g5 Nh7 15. f4 f6 16. f5 gxf5 17. g6 Nf8 18. exf5 c5 19. Ne6 Bxe6 20. fxe6 Rxe6 21. Nd5 Qe8 22. Nc7 Qxg6 23. Nxa8 Nxc2 24. Bf2 Nxe1 25. Bxe1 Re5 26. Nc7 Rg5 27. Qe2 {1-0 De la Riva Aguado,O (2490)-Sampera,J (2145) Manresa op 1996 (3)}) 13. Bxd4 Bc6 14. Qd3 Nd7 15. Bxg7 Kxg7 16. f4 f6 17. b3 Nc5 18. Qd4 Ne6 19. Qd2 Qb8 20. Rad1 Qa7+ 21. Kh2 Rad8 22. Nd5 Qc5 23. Re2 Bxd5 24. exd5 Nf8 25. Rde1 Kf7 26. Qd3 Qb4 27. Rxe8 Rxe8 28. Rxe8 Kxe8 29. Qe2+ Kf7 30. Bf3 Qd4 31. Bg2 b6 32. Qe1 f5 33. Qe2 Qf6 34. Bf3 Nd7 35. Kg2 Nc5 36. Kf2 Qd4+ 37. Kg2 Qf6 38. Kf2 Qd4+ 39. Kg2 Qf6 1/2-1/2

[Event "Olympiad Women 2024"]
[Site "Budapest HUN"]
[Date "2024.09.15"]
[Round "5.32"]
[Board "3"]
[White "Lesbekova, Assel"]
[Black "Guindy, Esmat Susanne"]
[Result "1-0"]
[WhiteElo "1903"]
[BlackElo "2015"]
[PlyCount "121"]
[EventDate "2024.09.11"]
[WhiteTeam "Kyrgyzstan"]
[BlackTeam "Denmark"]
[WhiteTeamCountry "KGZ"]
[BlackTeamCountry "DEN"]

1. e4 e6 2. d4 d5 3. Nc3 Nf6 4. Qd3 c5 ({RR} 4... dxe4 5. Nxe4 Nxe4 6. Qxe4 Qd5 7. Bd3 Nc6 8. c3 Qxe4+ 9. Bxe4 Bd6 10. Nf3 Bd7 11. Bd2 Ne7 12. O-O-O Bc6 13. Rhe1 Bxe4 14. Rxe4 O-O-O 15. h4 h5 16. Bg5 Rd7 17. Ne5 Bxe5 18. dxe5 Nf5 19. a4 {½-½ Predke,A (2676)-Jumabayev,R (2646) Wch Rapid Moscow 2019 (13)}) ({RR} 4... dxe4 5. Nxe4 Nxe4 6. Qxe4 Nd7 7. Nf3 Nf6 8. Qd3 Be7 9. Be2 O-O 10. O-O c5 11. Be3 cxd4 12. Qxd4 Qxd4 13. Bxd4 Rd8 14. c4 Bd7 15. Ne5 Be8 16. Rfd1 Nd7 17. Bf3 Nxe5 18. Bxe5 Bc6 19. Bxc6 {0-1 Lesbekova,A (1880)-Kashlinskaya,A (2468) Swiss Queens Wed #16 2024 (2.22)}) 5. exd5 Nxd5 $146 ({RR} 5... exd5 6. dxc5 Bxc5 7. Bg5 O-O 8. O-O-O Be6 9. Nf3 Nbd7 10. Nd4 Rc8 11. Kb1 Bb4 12. Nce2 Qb6 13. f3 Ne5 14. Qe3 Nc4 15. Qb3 Nd7 16. c3 Bc5 17. Qxb6 Bxb6 18. Nc1 h6 19. Bxc4 hxg5 20. Bb5 {0-1 Johnson,J (2223)-Eggleston,T (2178) Titled Tuesday intern op 7th July blitz 2020 (6)}) ({RR} 5... exd5 6. Bg5 cxd4 7. Qxd4 Be7 8. Bb5+ Nc6 9. Bxf6 Bxf6 10. Qc5 Be7 11. Qxd5 Qb6 12. Nf3 Be6 13. Qe4 a6 14. Bxc6+ bxc6 15. O-O O-O 16. Nd4 Bf6 17. Nxe6 fxe6 18. Qxe6+ Kh8 19. Qb3 Qc7 20. Rab1 {1-0 Bardyk,A (2268)-Janaszak,D (2308) Titled Tue 25th Jun Late 2024 (7)}) 6. dxc5 Bxc5 7. Ne4 Be7 8. Qg3 O-O 9. Bh6 Bf6 10. O-O-O Nd7 11. h4 Kh8 12. Bg5 Qb6 13. Nxf6 N7xf6 14. Nh3 Bd7 15. Qb3 Qxb3 16. axb3 Bc6 17. c4 Nb4 18. Bd2 a5 19. f3 Nh5 20. Bxb4 axb4 21. Bd3 Ng3 22. Rhe1 Rfd8 23. Nf2 g6 24. Bb1 Kg7 25. Nd3 Nf5 26. Nxb4 Nxh4 27. Rxd8 Rxd8 28. Nxc6 bxc6 29. Re2 Kf6 30. c5 Nf5 31. Bxf5 Kxf5 32. Kc2 e5 33. Kc3 h5 34. b4 Ke6 35. b5 cxb5 36. Kb4 Rb8 37. Rd2 g5 38. c6 f5 39. Kc5 e4 40. b4 e3 41. Re2 f4 42. Rc2 Ke5 43. c7 Rc8 44. Kxb5 Kd4 45. Kc6 Kd3 46. Rc1 Kd2 47. Ra1 e2 48. b5 e1=Q 49. Rxe1 Kxe1 50. b6 Kf2 51. b7 Rxc7+ 52. Kxc7 Kxg2 53. b8=Q g4 54. fxg4 hxg4 55. Qb2+ Kg3 56. Qe5 Kf3 57. Kd6 g3 58. Kd5 g2 59. Qe1 Kg4 60. Ke4 Kh3 61. Qd1 1-0

[Event "Olympiad Women 2024"]
[Site "Budapest HUN"]
[Date "2024.09.15"]
[Round "5.32"]
[Board "4"]
[White "Durrfeld, Sofie Bech"]
[Black "Sezdbekova, Aizhan"]
[Result "1/2-1/2"]
[WhiteElo "1937"]
[BlackElo "1799"]
[PlyCount "91"]
[EventDate "2024.09.11"]
[WhiteTeam "Denmark"]
[BlackTeam "Kyrgyzstan"]
[WhiteTeamCountry "DEN"]
[BlackTeamCountry "KGZ"]

1. e4 e5 2. Bc4 Nc6 3. Nc3 g6 4. d3 Bg7 5. Be3 ({RR} 5. f4 d6 6. Nf3 exf4 7. Bxf4 Na5 8. Bb3 Nxb3 9. axb3 Ne7 10. Qd2 h6 11. O-O-O a5 12. Rhf1 a4 13. bxa4 b5 14. e5 b4 15. Ne4 Rxa4 16. b3 Ra1+ 17. Kb2 Rxd1 18. Rxd1 Nd5 19. d4 g5 {0-1 Iljiushenok,I (2558)-Anton Guijarro,D (2671) Titled Tue 12th Mar Late 2024 (4)}) 5... d6 6. a3 Nge7 $146 ({RR} 6... Be6 7. Bxe6 fxe6 8. Nf3 d5 9. Bg5 Qd7 10. O-O h6 11. Bh4 g5 12. Bg3 O-O-O 13. b4 g4 14. Nd2 h5 15. Bh4 Bf6 16. Bxf6 Nxf6 17. Na4 Qe7 18. Qb1 h4 19. c3 Rdg8 20. b5 Nd8 21. Qb4 {0-1 Orozco,L (1940)-Pachon,A (2077) COL-chT rapid (Women) 2019 (5.1)}) 7. Qd2 Be6 8. Bxe6 fxe6 9. h4 Qd7 10. h5 d5 11. Bh6 Bxh6 12. Qxh6 O-O-O 13. Nf3 gxh5 14. Rxh5 Ng6 15. O-O-O Rdf8 16. Rdh1 Nf4 17. Nxe5 Qd6 18. Nxc6 Nxh5 19. Nxa7+ Kb8 20. Rxh5 Qb6 21. Nab5 Rxf2 22. Rh1 Rhf8 23. Nd1 R2f6 24. Qxh7 Qxb5 25. g4 d4 26. Qg7 Qe8 27. g5 Rg6 28. Qxd4 Rxg5 29. Nc3 Rg2 30. Kb1 Rgf2 31. Qc5 Rf1+ 32. Rxf1 Rxf1+ 33. Ka2 Qf8 34. Qa5 Qd6 35. Qb5 Rf8 36. Na4 b6 37. Nc3 Kb7 38. e5 Qd4 39. Qb4 Qxb4 40. axb4 Rf5 41. d4 Rf4 42. Nb5 Kc6 43. Na7+ Kb7 44. Nb5 Kc6 45. Na7+ Kb7 46. Nb5 1/2-1/2

[Event "Olympiad Women 2024"]
[Site "Budapest HUN"]
[Date "2024.09.15"]
[Round "5.33"]
[Board "1"]
[White "Granados Ortiz, Maria Jose"]
[Black "Maksimovic, Masa"]
[Result "0-1"]
[WhiteElo "1935"]
[BlackElo "2093"]
[PlyCount "148"]
[EventDate "2024.09.11"]
[WhiteTeam "Nicaragua"]
[BlackTeam "Bosnia & Herzegovina"]
[WhiteTeamCountry "NCA"]
[BlackTeamCountry "BIH"]

1. e4 c5 2. Nf3 Nc6 3. d4 cxd4 4. Nxd4 Nf6 5. Nc3 d6 6. Be3 e5 7. Nb3 Be7 8. f3 Be6 9. Qd2 d5 10. exd5 Nxd5 11. Nxd5 Qxd5 12. Qxd5 Bxd5 13. O-O-O O-O-O 14. Bb5 a6 ({RR} 14... Kc7 15. Rd2 Be6 16. Rxd8 Rxd8 17. Rd1 Rxd1+ 18. Kxd1 b6 19. a4 f5 20. Nd2 Bf6 21. c3 Ne7 22. a5 Nd5 23. axb6+ axb6 24. Bf2 h5 25. h4 g6 26. Nc4 Nf4 27. Ne3 Be7 28. Bf1 Kc6 29. Kd2 {0-1 Csonka,B (2495)-So,W (2773) Titled Tuesday intern op 16th Aug Early blitz 2022 (7)}) 15. Be2 Kc7 16. c4 $146 ({RR} 16. c3 f5 17. Nd2 b5 18. c4 Be6 19. cxb5 axb5 20. Bxb5 Nb4 21. Bc4 Nd3+ 22. Kc2 f4 23. Bxd3 fxe3 24. Nc4 e4 25. fxe4 Rhf8 26. Nxe3 Bg5 27. Nd5+ Bxd5 28. exd5 Rf2+ 29. Kb1 Rxd5 30. Be4 Re5 {1-0 Graf,P (2170)-Eidelson,R (2315) MK Cafe Cup-B 1998 (2)}) ({RR} 16. Nc5 Nd4 17. Bxd4 exd4 18. Nb3 Rhe8 19. Bd3 Bg5+ 20. Kb1 Bxb3 {½-½ Serrahima Susany,R (2029)-Bernado Lopez,R (2153) TCh-CAT GpA Final 2024 (1.10)}) ({RR} 16. Kb1 g5 17. Nd2 Nd4 18. Bc4 b5 19. Bxd5 Rxd5 20. Ne4 Rd7 21. Nxg5 Rg8 22. Nxf7 Bf6 23. Nh6 Rxg2 24. Ng4 Bg7 25. Rd2 Rxd2 26. Bxd2 Nxf3 27. Bc3 e4 28. Bxg7 Rxg7 29. Nf6 Rg2 30. Nxe4 Nxh2 {½-½ Oblitas Guerrero,C (2389)-Chemin,V (2313) Sao Paulo zt 2.4 2000 (3)}) 16... Be6 17. Rxd8 Rxd8 18. Rd1 f5 19. Rxd8 Bxd8 20. Nc5 Bc8 21. Na4 Nd4 22. Bd3 g6 23. Nc3 Kd6 24. b4 Be6 25. Ne2 Nc6 26. a3 Bf6 27. Kc2 h5 28. Bc5+ Kd7 29. Be3 a5 30. Bd2 axb4 31. axb4 Be7 32. c5 Nb8 33. Bb5+ Kd8 34. Kd3 Bf6 35. Bc3 Ke7 36. Kd2 Bd5 37. Bd3 h4 38. Kc2 h3 39. gxh3 Bxf3 40. Ng1 Bd5 41. Be2 e4 42. Bxf6+ Kxf6 43. Kc3 Ke5 44. h4 f4 45. b5 f3 46. Bf1 e3 47. Kd3 e2 48. Nxe2 fxe2 49. Bxe2 Nd7 50. c6 bxc6 51. bxc6 Bxc6 52. Ke3 Nf6 53. h3 Be4 54. Bc4 Nd5+ 55. Kf2 Kf4 56. Bb5 Nf6 57. Bc4 Bf3 58. Bf7 Ne4+ 59. Ke1 Bh5 60. Bd5 Nd6 61. Kf2 Nf5 62. Bf7 Nxh4 63. Bxg6 Nxg6 64. Ke1 Ke3 65. Kf1 Nf4 66. h4 Nd3 67. Kg2 Kf4 68. Kh3 Kf3 69. Kh2 Kg4 70. Kg2 Kxh4 71. Kh2 Bf3 72. Kg1 Kg3 73. Kf1 Bg4 74. Kg1 Bh3 0-1

[Event "Olympiad Women 2024"]
[Site "Budapest HUN"]
[Date "2024.09.15"]
[Round "5.33"]
[Board "2"]
[White "Babic, Milana"]
[Black "Martinez Orozco, Cristiana Yorlene"]
[Result "1-0"]
[WhiteElo "2080"]
[BlackElo "1761"]
[PlyCount "95"]
[EventDate "2024.09.11"]
[WhiteTeam "Bosnia & Herzegovina"]
[BlackTeam "Nicaragua"]
[WhiteTeamCountry "BIH"]
[BlackTeamCountry "NCA"]

1. Nf3 d5 2. g3 Nf6 3. Bg2 Bg4 4. h3 Bf5 ({RR} 4... Bh5 5. c4 c6 6. O-O e6 7. d3 dxc4 8. dxc4 Qxd1 9. Rxd1 Nbd7 10. b3 Bc5 11. Nc3 O-O-O 12. Bb2 h6 13. Na4 Be7 14. Bd4 Kb8 15. Ne5 Nxe5 16. Bxe5+ Ka8 17. Nc3 Bb4 18. g4 Bg6 19. a3 {½-½ Meier,G (2656)-Lenderman,A (2614) Titled Tuesday intern op1 3rd May blitz 2016 (3)}) 5. O-O c6 ({RR} 5... Nbd7 6. c4 e6 7. d3 Bd6 8. Qb3 Nc5 9. Qd1 O-O 10. Nc3 Ncd7 11. Qb3 Nc5 12. Qd1 Ncd7 13. Nb5 Be7 14. Bf4 c6 15. Nd6 Bxd6 16. Bxd6 Re8 17. Nh4 dxc4 18. Nxf5 exf5 19. dxc4 Qb6 20. Qc2 {0-1 Kopylov,D (2369)-Aakash,G (2265) Titled Tue 23rd Jul Early 2024 (10)}) 6. c4 $146 ({RR} 6. d3 h6 7. Nbd2 Nbd7 8. Re1 e6 9. e4 Bh7 10. e5 Ng8 11. Qe2 c5 12. b3 Ne7 13. Bb2 Nc6 14. Nf1 Be7 15. a3 h5 16. c4 d4 17. h4 g5 18. hxg5 Bxg5 19. Bc1 Be7 20. Bf4 Bf5 {1-0 Alexopoulos,A-Psittos,K Ambelokipi op 33rd 2001 (2)}) ({RR} 6. d3 Nbd7 7. Nbd2 e5 8. Nh4 Be6 9. e4 Bc5 10. Kh2 g5 11. Nf5 Bxf5 12. exf5 Qc7 13. c4 O-O-O 14. cxd5 Nxd5 15. Ne4 f6 16. a3 Bd4 17. Rb1 h5 18. Bd2 g4 19. h4 Nc5 20. Nxc5 Bxc5 {½-½ Matz,J-Barton,D Berkeley Monday Knights 146th 2007 (14)}) 6... Nbd7 7. Qb3 Qb6 8. d3 dxc4 9. Qxc4 Be6 10. Qc2 h6 11. e4 Nb8 12. Nc3 g5 13. Be3 Qa5 14. b4 Qd8 15. Nd4 Bg7 16. Nxe6 fxe6 17. Qb3 Qd7 18. Rac1 O-O 19. Rfd1 Kh8 20. d4 Ne8 21. Na4 Nc7 22. b5 b6 23. bxc6 Nxc6 24. Qc3 Na5 25. Nxb6 axb6 26. Qxc7 Qa4 27. e5 Rac8 28. Qxc8 Qxd1+ 29. Rxd1 Rxc8 30. Rb1 Rb8 31. Rb4 Kg8 32. Kf1 Kf8 33. Ke2 Ke8 34. Kd3 Kd7 35. a4 Nc6 36. Rb1 Na5 37. Bd2 Nc6 38. Be4 Rd8 39. Be3 Rb8 40. Rb2 Rd8 41. Rxb6 Nxe5+ 42. dxe5 Bxe5 43. Ke2 Bc7 44. Rb7 Kd6 45. Rb5 Rc8 46. a5 Rb8 47. Rxb8 Bxb8 48. a6 1-0

[Event "Olympiad Women 2024"]
[Site "Budapest HUN"]
[Date "2024.09.15"]
[Round "5.33"]
[Board "3"]
[White "Munoz Cortez, Anahi Alexandra"]
[Black "Jacimovic, Sara"]
[Result "1/2-1/2"]
[WhiteElo "1868"]
[BlackElo "1981"]
[PlyCount "94"]
[EventDate "2024.09.11"]
[WhiteTeam "Nicaragua"]
[BlackTeam "Bosnia & Herzegovina"]
[WhiteTeamCountry "NCA"]
[BlackTeamCountry "BIH"]

1. e4 {Mikhalchishin,Adrian} e5 2. Nf3 Nc6 3. Bc4 Nf6 4. d3 h6 5. Nbd2 d6 6. c3 g5 7. h3 ({RR} 7. Nf1 g4 8. N3d2 ({RR} 8. Ng1 Na5 9. Bb5+ Bd7 10. Bxd7+ Qxd7 11. Ng3 d5 12. N1e2 O-O-O 13. Qc2 dxe4 14. dxe4 Nc4 15. b3 Nd6 16. f3 h5 17. Bg5 Qe6 18. O-O-O Be7 19. h4 gxh3 20. Rxh3 Rdg8) 8... Bg7 9. Ne3 h5 10. a4 Qe7 11. a5 a6 12. Ndf1 h4 13. Qb3 Rb8 14. Nd5 Nxd5 15. exd5 Nd8 16. Bxa6 O-O 17. Bc4 Ra8 18. h3 gxh3 19. gxh3 f5 20. Qd1 e4 21. Kd2 ({RR} 21. Qe2) 21... Nf7) 7... Bg7 ({RR} 7... Nh5 8. g3 Nf6 9. Nf1 Bg7 10. Ne3 Ne7 11. Bb3 c6 12. h4 g4 13. Nh2 h5 14. f3 d5 15. fxg4 hxg4 16. O-O Be6 17. Nhxg4 Nh5 18. Qf3 Qd6 19. c4 dxe4 20. dxe4 O-O-O 21. Rd1 Qc5 22. Rxd8+) 8. Nf1 ({RR} 8. Bb3 O-O 9. Nf1 Ne7 10. h4 ({RR} 10. Ne3 Be6 11. h4 g4 12. Nh2 h5 13. f3 d5 14. fxg4 hxg4 15. Nhxg4 Nxg4 16. Nxg4 f5 17. Nh6+ Kh7 18. Qh5 Qe8 19. Qxe8 Raxe8 20. Nxf5 Nxf5 21. exf5 Rxf5 22. Rf1 c6 23. Be3) 10... g4 11. N3h2 d5 12. f3 ({RR} 12. Ng3 dxe4 13. Nxe4) 12... Ng6 ({RR} 12... gxf3 13. Qxf3 Ng6 14. g3 c5 15. exd5 e4 16. dxe4 Ne5 17. Qe2 c4) 13. fxg4 ({RR} 13. Nxg4 Nxg4 14. fxg4 dxe4 15. dxe4) 13... Nxh4 14. g3 Ng6 15. Qe2 ({RR} 15. exd5 e4 16. d4 Ne7 17. g5 hxg5 18. Bxg5) 15... a5 16. Bc2 d4 17. g5 ({RR} 17. cxd4 exd4 18. g5 hxg5 19. Bxg5 a4) 17... hxg5 18. Bxg5 a4 19. c4 Qd6 20. Nd2 Ra6 ({RR} 20... a3 21. bxa3 Qxa3) 21. Rb1 ({RR} 21. a3) 21... Nh7 22. Qh5 Nxg5 {0-1 Anand,V (2767)-Nepomniachtchi,I (2775) Croatia GCT Zagreb 2019 (1)}) 8... Ne7 ({RR} 8... O-O 9. Ng3 Ne7 10. Bb3 c6 11. h4 g4 12. Nh2 d5 13. h5 Be6 14. O-O Qd7 15. f4 gxf3 16. Qxf3 Kh7 17. Nf5 dxe4 18. dxe4 Nxf5 19. exf5 Bxb3 20. axb3 Qd5) 9. g4 ({RR} 9. Ng3 Be6 10. Bb3 O-O 11. h4 g4 12. Nh2 Qd7 13. Nhf1 d5 14. Ne3 Rad8 15. Qe2 d4 16. Bxe6 fxe6 17. Nxg4 dxc3 18. Nxh6+ Kh7 19. Ng4 Nxg4 20. Qxg4 Qxd3 21. Nh5 Bh8 22. b3 c2 23. Bb2 Qd2+ {0-1 Asish Panda (1903)-Shirov,A (2666) Titled Tue 10th Sep Early 2024 (8)}) 9... d5 $146 ({RR} 9... c6 10. Bb3 Ng6 11. Ng3 Nf4 12. Nf5 Bxf5 13. gxf5 Qe7 14. Bxf4 exf4 15. Qe2 O-O-O 16. O-O-O Rhe8 17. h4 g4 18. Ng5 d5 19. f3 hxg5 20. hxg5 gxf3 21. Qf2 Ng4 22. Qxa7 Qxg5 23. exd5 cxd5 24. Rhe1 {0-1 Mogirzan,M (1813)-Grieve,H (2320) Titled Tuesday intern op 12th Oct blitz 2021 (3)}) 10. exd5 Nfxd5 11. Ng3 Rf8 12. Qe2 Qd6 13. Qe4 f5 14. gxf5 Bxf5 15. Nxf5 Rxf5 16. h4 gxh4 17. Nxh4 Rf7 18. Be3 O-O-O 19. O-O-O Kb8 20. Rdg1 Bf8 21. Ng6 Rf6 22. Nxe5 Nxe3 23. fxe3 Rc8 24. Rg2 a6 25. d4 c5 26. Rd1 Rf5 27. Nf7 Qf6 28. Be6 cxd4 29. Bxf5 Nxf5 30. Qe5+ Qxe5 31. Nxe5 Nxe3 32. Rg8 dxc3 33. Rdg1 cxb2+ 34. Kxb2 Ka7 35. Kb3 Rc5 36. Rxf8 Rxe5 37. Rg7 Rb5+ 38. Kc3 Nd5+ 39. Kd4 Nb4 40. a4 Nc6+ 41. Kc3 Rb1 42. Rf6 Rh1 43. Kb2 Rh2+ 44. Ka3 Rh3+ 45. Kb2 Rh2+ 46. Ka3 Rh3+ 47. Kb2 Rh2+ 1/2-1/2

[Event "Olympiad Women 2024"]
[Site "Budapest HUN"]
[Date "2024.09.15"]
[Round "5.33"]
[Board "4"]
[White "Mahmutbegovic Smajilbasic, Nadina"]
[Black "Alvarez Gutierrez, Patricia"]
[Result "1/2-1/2"]
[WhiteElo "1973"]
[BlackElo "1826"]
[PlyCount "54"]
[EventDate "2024.09.11"]
[WhiteTeam "Bosnia & Herzegovina"]
[BlackTeam "Nicaragua"]
[WhiteTeamCountry "BIH"]
[BlackTeamCountry "NCA"]

1. e4 c6 2. Nc3 d5 3. Nf3 e6 4. d4 Nf6 5. Bd3 Bb4 ({RR} 5... Be7 6. O-O b6 7. Qe2 Bb7 8. Bf4 O-O 9. Rad1 Nbd7 10. a3 h6 11. Rfe1 Re8 12. h3 Nf8 13. Ne5 N6d7 14. Qg4 Nxe5 15. Bxe5 Ng6 16. Bh2 Nf8 17. exd5 exd5 18. Be5 Bf6 19. Qf4 Bxe5 20. Rxe5 {1-0 Popov,I (2650)-Jobava,B (2673) EU-ch rapid Minsk 2015 (9)}) ({RR} 5... dxe4 6. Nxe4 Nbd7 7. Bg5 Qa5+ 8. Qd2 Bb4 9. c3 Be7 10. Nxf6+ Nxf6 11. O-O h6 12. Bf4 a6 13. b4 Qd8 14. Ne5 Nd5 15. c4 Bxb4 16. Qc1 Nf6 17. Rb1 a5 18. a3 Be7 19. Qc3 O-O 20. h3 {0-1 Broca Jimenez,F (2075)-Arnold,K Titled Tue 10th Sep Late 2024 (3)}) 6. exd5 exd5 7. O-O $146 ({RR} 7. Qe2+ Qe7 8. Qxe7+ Bxe7 9. Bf4 Be6 10. Ng5 Bg4 11. h3 Bh5 12. g4 Bg6 13. Bxg6 hxg6 14. O-O-O O-O 15. Rhe1 Re8 16. Re3 Nbd7 17. Rde1 Bb4 18. a3 Bxc3 19. bxc3 Rxe3 20. Rxe3 Re8 21. Kd2 Nb6 {0-1 Pazarcioglu,I (1520)-Basaran,C (1838) TUR-chT Clubs 2019 (7.25)}) 7... O-O 8. Ne5 Nbd7 9. Bg5 Bd6 10. Ng4 h5 11. Nxf6+ Nxf6 12. h3 Bc7 13. Ne2 Qd6 14. Bf4 Qe7 15. Re1 Re8 16. Qd2 Qd8 17. Bxc7 Qxc7 18. Qg5 Qb6 19. Nf4 Bd7 20. Nxh5 Nxh5 21. Qxh5 g6 22. Bxg6 fxg6 23. Qxg6+ Kh8 24. Qh6+ Kg8 25. Qg6+ Kh8 26. Qh6+ Kg8 27. Qg6+ Kh8 1/2-1/2

[Event "Olympiad Women 2024"]
[Site "Budapest HUN"]
[Date "2024.09.15"]
[Round "5.34"]
[Board "1"]
[White "Stojkovska, Monika"]
[Black "Serina Arafat"]
[Result "1-0"]
[WhiteElo "2043"]
[BlackElo "1552"]
[PlyCount "75"]
[EventDate "2024.09.11"]
[WhiteTeam "North Macedonia"]
[BlackTeam "Jordan"]
[BlackTeamCountry "JOR"]

1. d4 d5 2. c4 e6 3. Nc3 Nf6 4. cxd5 exd5 5. Bg5 Be7 6. e3 b6 7. Bd3 Bb7 8. Qc2 ({RR} 8. Nge2 h6 9. Bh4 a6 10. O-O Nbd7 11. Rc1 O-O 12. a3 Rc8 13. Bf5 g6 14. Bb1 Ne4 15. Bxe7 Qxe7 16. b4 Kg7 17. Nxe4 dxe4 18. Qb3 Nf6 19. Nc3 Rfd8 20. h3 c5 21. dxc5 bxc5 22. bxc5 Rxc5 {1-0 Sakaev,K (2595)-Musalov,R (2348) RUS-ch blitz 2019 (2)}) ({RR} 8. Nge2 c5 9. O-O O-O 10. f3 Nbd7 11. Bh4 Re8 12. Bf2 a6 13. Qd2 Nf8 14. g4 h6 15. Ng3 Bd6 16. Nf5 Bb8 17. Rad1 Ng6 18. h4 cxd4 19. Nxd4 Qc7 20. Be1 Rxe3 21. Bxg6 fxg6 22. Rf2 Re8 {0-1 Cardenas Huachaca,A (1286)-Alvarado Mendoza,J (1669) I ch-Sudamericano 2023 (2.35)}) 8... Nbd7 9. Nge2 a6 $146 ({RR} 9... O-O 10. O-O Rc8 11. Nb5 a6 12. Na7 Ra8 13. Nc6 Bxc6 14. Qxc6 Ra7 15. Bxf6 Nxf6 16. Rac1 Qd6 17. a3 Rd8 18. Nf4 Kf8 19. Be2 Qxc6 20. Rxc6 Rd6 21. Rfc1 Rxc6 22. Rxc6 Ke8 23. Nd3 Bd6 24. g4 {½-½ Kirchner,G (1944)-Hinz,H (1914) Mittelrhein Verbandsliga-W 15/16 2015 (3.5)}) ({RR} 9... O-O 10. f3 c5 11. Bh4 g6 12. Qd2 Re8 13. O-O Nh5 14. Bxe7 Qxe7 15. Bb5 Nhf6 16. Nf4 Rad8 17. dxc5 Qxc5 18. Rfe1 Re7 19. Rac1 Ne5 20. Qd4 a6 21. Ne4 Nxf3+ 22. gxf3 Qxd4 23. exd4 dxe4 24. Bc6 {½-½ Munkhgal,G (2318)-Battulga,N (2420) MGL-ch Ulaanbaatar 2011 (5)}) 10. Ng3 h6 11. Bf4 O-O 12. Nf5 Rc8 13. Qe2 c5 14. Bd6 Bxd6 15. Nxd6 Rc7 16. Nxb7 Rxb7 17. Bxa6 Ra7 18. O-O cxd4 19. exd4 Re8 20. Qd3 Nb8 21. Bb5 Ree7 22. Rfe1 Qd6 23. Qf5 Qd8 24. Re5 Ra5 25. Rae1 Rxe5 26. Rxe5 Qc7 27. h3 Kh8 28. Bd3 Qd8 29. b4 Ra3 30. Nb5 Rxa2 31. g4 Nc6 32. Re1 Nxb4 33. Bb1 Rb2 34. Nd6 Qf8 35. g5 hxg5 36. Ne8 Nc6 37. Nxf6 Rxb1 38. Qh7# 1-0

[Event "Olympiad Women 2024"]
[Site "Budapest HUN"]
[Date "2024.09.15"]
[Round "5.34"]
[Board "2"]
[White "Jeda Helal"]
[Black "Zhezhovska, Monika"]
[Result "0-1"]
[WhiteElo "1569"]
[BlackElo "2106"]
[PlyCount "100"]
[EventDate "2024.09.11"]
[WhiteTeam "Jordan"]
[BlackTeam "North Macedonia"]
[WhiteTeamCountry "JOR"]

1. e4 c5 2. Nf3 Nc6 3. d4 cxd4 4. Nxd4 Nf6 5. Nc3 d6 6. Bg5 e6 7. Be2 a6 8. O-O Be7 9. Kh1 O-O 10. f4 Qc7 ({RR} 10... Bd7 11. a3 Rc8 12. Nxc6 Bxc6 13. Bd3 Re8 14. Qe2 Qb6 15. Rab1 Qc7 16. e5 dxe5 17. fxe5 Nd5 18. Qh5 g6 19. Qg4 Qxe5 20. Bxe7 Rxe7 21. Nxd5 Bxd5 22. c3 Rd7 23. Qe2 Rcd8 24. Rbe1 Qc7 25. h4 {0-1 Ramos,M (1764)-Galavis,M (1483) Barquisimeto Divina Pastora op 2019 (2)}) 11. Qd3 Bd7 12. Rad1 Rfd8 $146 ({RR} 12... Rfe8 13. a3 Rac8 14. Nf3 Rcd8 15. Bh4 Bc8 16. h3 b5 17. Qe3 b4 18. axb4 Nxb4 19. Bd3 Bb7 20. Bf2 Rc8 21. Nd4 Bf8 22. Bh4 Nd7 23. Qg3 Nc5 24. f5 e5 25. Nf3 d5 26. Bf6 Nd7 27. Bg5 {0-1 Suhbat,O (2027)-Smits,S (2131) Dieren op 2007 (8)}) 13. f5 b5 14. Qg3 Kh8 15. a3 Rab8 16. Qh4 Ne5 17. Nf3 Kg8 18. Nxe5 dxe5 19. Rd3 b4 20. Rg3 Kh8 21. fxe6 Bxe6 22. axb4 Rxb4 23. Bxf6 Bxf6 24. Rxf6 Qe7 25. Rh6 Qxh4 26. Rxh4 Rxb2 27. Rd3 Rc8 28. Bd1 g6 29. g4 Kg7 30. Rhh3 h5 31. Rhg3 hxg4 32. Bxg4 Bxg4 33. Rxg4 Rxc2 34. Nd5 Re2 35. Rc3 Rb8 36. Rc1 Rbb2 37. h4 a5 38. Kg1 a4 39. Nc3 Red2 40. Nxa4 Rb4 41. Nc5 Rbb2 42. h5 Kh6 43. hxg6 fxg6 44. Ne6 Kh5 45. Rg5+ Kh6 46. Rg3 Kh5 47. Rf1 Re2 48. Ng7+ Kh6 49. Ne6 Kh5 50. Rgf3 Rg2+ 0-1

[Event "Olympiad Women 2024"]
[Site "Budapest HUN"]
[Date "2024.09.15"]
[Round "5.34"]
[Board "3"]
[White "Trajkovska, Sanja"]
[Black "Boshra, Alshaeby"]
[Result "0-1"]
[WhiteElo "1921"]
[BlackElo "1939"]
[PlyCount "104"]
[EventDate "2024.09.11"]
[WhiteTeam "North Macedonia"]
[BlackTeam "Jordan"]
[BlackTeamCountry "JOR"]

1. e4 c6 2. d4 d5 3. e5 Bf5 4. h4 h5 5. Bd3 Bxd3 6. Qxd3 Qa5+ 7. Nd2 e6 8. Ngf3 Nh6 9. O-O Nf5 10. g3 ({RR} 10. Nb3 Qa6 11. Qd1 c5 12. Bg5 cxd4 13. Nbxd4 Nxd4 14. Nxd4 Nc6 15. Nxc6 Qxc6 16. a4 Rc8 17. a5 Be7 18. Bxe7 Kxe7 19. c3 Qb5 20. Qd4 Qc5 21. Qf4 Rhd8 22. Qg5+ Kf8 23. Qxh5 Kg8 24. Qg5 d4 {1-0 Adams,M (2698)-Salem,A (2690) Sigeman & Co 27th 2022 (7)}) 10... Qa6 11. c4 c5 12. Qc3 $146 ({RR} 12. Qc2 Nc6 13. dxc5 dxc4 14. Qxc4 Qxc4 15. Nxc4 Bxc5 16. Kg2 O-O 17. Bg5 b5 18. Ncd2 Rfc8 19. Ne4 Ncd4 20. Rfd1 Nxf3 21. Kxf3 Bd4 22. Nd6 Bxb2 23. Rab1 Rc2 24. Nxf5 exf5 25. Rd2 Rxd2 26. Bxd2 Bxe5 {1-0 Haug,H (2341)-Stark,J (1947) Fagernes GM Open 2024 (1.42)}) 12... Nc6 13. cxd5 Ncxd4 14. Nxd4 Nxd4 15. Kg2 exd5 16. Nf3 Ne6 17. Bg5 Be7 18. Bxe7 Kxe7 19. Ng5 d4 20. Qd2 Qc6+ 21. Kh2 Rac8 22. Rae1 Nxg5 23. Qxg5+ Kf8 24. Qf5 Rh6 25. e6 Rxe6 26. Qxh5 Kg8 27. Rxe6 Qxe6 28. b3 b6 29. Qf3 Re8 30. a4 Qe2 31. Kg2 Qxf3+ 32. Kxf3 Re6 33. Rd1 Kf8 34. Rd3 Ke7 35. g4 Kd6 36. g5 Kd5 37. h5 c4 38. bxc4+ Kxc4 39. Rd1 d3 40. Kf4 Kc3 41. Rc1+ Kb2 42. Rh1 d2 43. Rd1 Kc2 44. Ra1 d1=Q 45. Rxd1 Kxd1 46. Kf5 a6 47. f4 b5 48. axb5 axb5 49. g6 Rf6+ 50. Kg5 fxg6 51. h6 Rf5+ 52. Kxg6 Rxf4 0-1